[Event "Open A Zadar 2016"]
[Site "Zadar"]
[Date "2016.12.14"]
[Round "5.6"]
[White "Dragnev, Valentin"]
[Black "Stefanov, Emil"]
[Result "1-0"]
[WhiteElo "2475"]
[BlackElo "2484"]
[PlyCount "83"]
[EventDate "2016.12.11"]
[EventCountry "CRO"]
[WhiteClock "1:28:00"]
[BlackClock "1:30:00"]

1. e4 e5 2. Nf3 Nc6 3. Bb5 a6 4. Ba4 Nf6 5. O-O Be7 6. Re1 b5 7. Bb3 d6 8. c3
O-O 9. h3 Nb8 10. d4 Nbd7 11. c4 Bb7 12. Nc3 c6 13. a3 Qc7 14. Bg5 h6 15. Bh4
Rad8 16. Rc1 Qb8 17. Bg3 g6 18. Qc2 Kg7 19. Ba2 Nh5 20. Bh2 Bf6 21. g4 Nf4 22.
Bxf4 exf4 23. c5 dxc5 24. e5 cxd4 25. exf6+ Nxf6 26. Ne5 c5 27. Bxf7 d3 28.
Nxd3 Rxd3 29. Qxd3 Rxf7 30. Rcd1 Qc8 31. Qd6 Nxg4 32. Re6 Nf6 33. Qe5 b4 34.
Rdd6 Qf8 35. Rxf6 Rxf6 36. Rd7+ Kg8 37. Rxb7 Rf5 38. Qe6+ Kh8 39. axb4 Qd8 40.
Rd7 Rg5+ 41. Kf1 Qf8 42. Ne4 1-0

[Event "Open A Zadar 2016"]
[Site "Zadar"]
[Date "2016.12.14"]
[Round "5.7"]
[White "Stopa, Jacek"]
[Black "Li, Di"]
[Result "0-1"]
[WhiteElo "2479"]
[BlackElo "2434"]
[PlyCount "84"]
[EventDate "2016.12.11"]
[EventCountry "CRO"]
[WhiteClock "1:30:00"]
[BlackClock "1:30:00"]

1. d4 Nf6 2. c4 g6 3. Nc3 d5 4. cxd5 Nxd5 5. e4 Nxc3 6. bxc3 Bg7 7. Qa4+ Nd7 8.
Nf3 O-O 9. Bg5 c5 10. Rc1 h6 11. Be3 Nb6 12. Qd1 cxd4 13. cxd4 Qd6 14. Qd2 Bg4
15. Be2 Rfd8 16. d5 Bxf3 17. Bxf3 Rac8 18. Rxc8 Rxc8 19. O-O Nc4 20. Qc1 h5 21.
Be2 b5 22. Bxa7 Qa6 23. Be3 Qxa2 24. Bxc4 Rxc4 25. Qb1 Qa4 26. f3 Rc3 27. Bg5
Bd4+ 28. Kh1 Ra3 29. h4 Ra1 30. Qd3 f6 31. Bd2 Kf7 32. Kh2 Rxf1 33. Qxf1 Qc2
34. Qe1 Qd3 35. Bb4 Be5+ 36. Kh3 g5 37. hxg5 fxg5 38. Qd2 Qf1 39. Qe1 g4+ 40.
fxg4 hxg4+ 41. Kxg4 Qxg2+ 42. Kh5 Qf3+ 0-1

[Event "Open A Zadar 2016"]
[Site "Zadar"]
[Date "2016.12.14"]
[Round "5.8"]
[White "Zufic, Miroslav"]
[Black "Jovanic, Ognjen"]
[Result "0-1"]
[WhiteElo "2411"]
[BlackElo "2477"]
[PlyCount "64"]
[EventDate "2016.12.11"]
[EventCountry "CRO"]
[WhiteClock "1:30:00"]
[BlackClock "1:30:00"]

1. e4 e5 2. Bc4 Nf6 3. d3 c6 4. Nf3 Be7 5. O-O d6 6. a4 O-O 7. Nbd2 Re8 8. Ba2
Bf8 9. Re1 Be6 10. Bb1 h6 11. h3 Qc7 12. Nf1 c5 13. Nh4 Nc6 14. c3 g6 15. Nf3
Rad8 16. Ba2 Bxa2 17. Rxa2 d5 18. Qc2 d4 19. Bd2 dxc3 20. Bxc3 Qd7 21. Re3 Nh5
22. b3 Nf4 23. Qb1 Nd4 24. Bxd4 cxd4 25. Re1 Rc8 26. Ng3 Bb4 27. Rd1 Rc5 28.
Ne2 Nxe2+ 29. Rxe2 Rec8 30. Kh2 Qe6 31. Nd2 Rc2 32. g3 Qa6 0-1

[Event "Open A Zadar 2016"]
[Site "Zadar"]
[Date "2016.12.14"]
[Round "5.9"]
[White "Schreiner, Peter"]
[Black "Mesaros, Florian"]
[Result "1-0"]
[WhiteElo "2472"]
[BlackElo "2334"]
[PlyCount "67"]
[EventDate "2016.12.11"]
[EventCountry "CRO"]
[WhiteClock "1:29:00"]
[BlackClock "1:30:00"]

1. d4 d5 2. c4 e6 3. Nf3 Nf6 4. e3 a6 5. b3 c5 6. cxd5 Nxd5 7. Bb2 cxd4 8. Nxd4
Bb4+ 9. Nd2 O-O 10. a3 Be7 11. Bd3 b5 12. O-O Bb7 13. b4 Nd7 14. Qh5 N5f6 15.
Qh3 Re8 16. Rad1 Nf8 17. N2b3 Qb6 18. Nf3 Bd5 19. Bd4 Qb8 20. Na5 Ng6 21. Ng5
e5 22. Ba1 Bd8 23. Bxg6 hxg6 24. Rxd5 Bxa5 25. bxa5 Nxd5 26. Qh7+ Kf8 27. Qh8+
Ke7 28. Qxg7 Rf8 29. Bxe5 Qe8 30. Bg3 Qd7 31. Qe5+ Kd8 32. Rd1 Rc8 33. h4 Rc5
34. Ne4 1-0

[Event "Open A Zadar 2016"]
[Site "Zadar"]
[Date "2016.12.14"]
[Round "5.10"]
[White "Schnider, Gert"]
[Black "Klekowski, Maciej"]
[Result "0-1"]
[WhiteElo "2407"]
[BlackElo "2448"]
[PlyCount "56"]
[EventDate "2016.12.11"]
[EventCountry "CRO"]
[WhiteClock "1:30:00"]
[BlackClock "1:30:00"]

1. e4 c5 2. Nf3 e6 3. d4 cxd4 4. Nxd4 Nc6 5. Nc3 a6 6. Be3 Nf6 7. a3 Be7 8. Be2
O-O 9. O-O Qc7 10. Kh1 Na5 11. f4 d6 12. Qe1 b5 13. Rd1 Bb7 14. Bf3 Rac8 15. f5
e5 16. Nde2 Nc4 17. Bc1 Rfd8 18. g4 h6 19. h4 d5 20. Nxd5 Bxd5 21. exd5 e4 22.
Bg2 Nxg4 23. Bf4 Bd6 24. Qg3 Nce3 25. Bxe4 Qc4 26. Qf3 Bxf4 27. Nxf4 Nxd1 28.
Rxd1 Qxe4 0-1

[Event "Open A Zadar 2016"]
[Site "Zadar"]
[Date "2016.12.14"]
[Round "5.13"]
[White "Livaic, Leon"]
[Black "Zelic, Mladen"]
[Result "1-0"]
[WhiteElo "2451"]
[BlackElo "2305"]
[PlyCount "83"]
[EventDate "2016.12.11"]
[EventCountry "CRO"]
[WhiteClock "1:30:00"]
[BlackClock "1:30:00"]

1. d4 Nf6 2. c4 g6 3. f3 d5 4. cxd5 Nxd5 5. e4 Nb6 6. Nc3 Bg7 7. Be3 O-O 8. Qd2
Nc6 9. O-O-O f5 10. e5 Nb4 11. Nh3 Be6 12. Kb1 Qd7 13. Nf4 Bc4 14. Be2 a5 15.
h4 Rfd8 16. Qc1 Ra6 17. a3 Bxe2 18. Nfxe2 N4d5 19. Bh6 Nc4 20. Bxg7 Kxg7 21.
Nxd5 Qxd5 22. Nc3 Qf7 23. h5 f4 24. hxg6 Qxg6+ 25. Ne4 Rc6 26. Qxf4 Rb6 27. Ka1
Rxb2 28. Qg5 Qxg5 29. Nxg5 Rh8 30. Rc1 Rxg2 31. Ne6+ Kf7 32. Nf4 Rf2 33. Nh3
Rd2 34. Rxc4 b5 35. Rxc7 Rxd4 36. Ng5+ Kg6 37. Ne6 Ra4 38. Rxe7 Rc8 39. Rg1+
Kh6 40. Rf7 Rcc4 41. Rf6+ Kh5 42. Ng7+ 1-0

[Event "Open A Zadar 2016"]
[Site "Zadar"]
[Date "2016.12.14"]
[Round "5.14"]
[White "Kreisl, Robert"]
[Black "Krstulovic, Alex"]
[Result "1-0"]
[WhiteElo "2436"]
[BlackElo "2258"]
[PlyCount "63"]
[EventDate "2016.12.11"]
[EventCountry "CRO"]
[WhiteClock "1:26:00"]
[BlackClock "1:30:00"]

1. c4 e5 2. Nc3 Nf6 3. g3 Bb4 4. Bg2 Bxc3 5. bxc3 O-O 6. e4 d6 7. Ne2 Bg4 8. h3
Be6 9. d3 c6 10. f4 exf4 11. Nxf4 Qb6 12. Qe2 Re8 13. Be3 Qc7 14. O-O Nbd7 15.
Rab1 Ne5 16. g4 Ng6 17. Nxe6 Rxe6 18. g5 Nd7 19. h4 Rae8 20. h5 Ngf8 21. d4 d5
22. Qf2 Nb6 23. Bf4 Qe7 24. cxd5 cxd5 25. exd5 Re2 26. Qf3 Nfd7 27. h6 gxh6 28.
gxh6 Qf6 29. Be5 Qxf3 30. Bxf3 Rxa2 31. Bg7 Re3 32. Rbe1 1-0

[Event "Open A Zadar 2016"]
[Site "Zadar"]
[Date "2016.12.14"]
[Round "5.15"]
[White "Xiang, Zeyu"]
[Black "Skomorokhin, Roman"]
[Result "1-0"]
[WhiteElo "2310"]
[BlackElo "2414"]
[PlyCount "55"]
[EventDate "2016.12.11"]
[EventCountry "CRO"]
[WhiteClock "1:22:00"]
[BlackClock "1:30:00"]

1. d4 Nf6 2. c4 e6 3. g3 c5 4. Nf3 cxd4 5. Nxd4 Qc7 6. Nc3 a6 7. Bg2 Qxc4 8.
O-O Nc6 9. Nb3 Qb4 10. e4 Qe7 11. Qe2 d6 12. Rd1 h6 13. Be3 g5 14. Rd2 Rb8 15.
Bb6 g4 16. Rad1 Ne5 17. Na5 Qd7 18. Nc4 Nxc4 19. Qxc4 Qc6 20. Qb4 Nd7 21. Ba7
Ra8 22. Bd4 Rg8 23. Be3 Ne5 24. Rxd6 Bxd6 25. Rxd6 Qc4 26. Qa5 f6 27. b3 b6 28.
Bxb6 1-0

[Event "Open A Zadar 2016"]
[Site "Zadar"]
[Date "2016.12.14"]
[Round "5.16"]
[White "Piskur, Mitja"]
[Black "Plenca, Julijan"]
[Result "1-0"]
[WhiteElo "2285"]
[BlackElo "2411"]
[PlyCount "83"]
[EventDate "2016.12.11"]
[EventCountry "CRO"]
[WhiteClock "1:29:00"]
[BlackClock "1:30:00"]

1. e4 c5 2. Nf3 d6 3. g3 Nc6 4. Bg2 g6 5. O-O Bg7 6. d3 e5 7. Nc3 Nge7 8. Nd2
h5 9. Nc4 Bg4 10. f3 Be6 11. Nb5 Nc8 12. a4 h4 13. Be3 a6 14. Nc3 N8e7 15. Bg5
f6 16. Bd2 f5 17. Re1 hxg3 18. hxg3 Nd4 19. Bg5 Bxc4 20. dxc4 Ne6 21. Bxe7 Qxe7
22. f4 O-O-O 23. Nd5 Qf7 24. c3 Kb8 25. Qf3 Nc7 26. Nxc7 Qxc7 27. Re2 exf4 28.
exf5 g5 29. Re6 Be5 30. g4 Rd7 31. a5 Rdh7 32. Ra3 Rd8 33. Qd5 f3 34. Bxf3 Ka7
35. Rb3 Rb8 36. Rb6 Rhh8 37. Rg6 Qh7 38. Rh6 Qd7 39. Rxh8 Bxh8 40. Rxd6 Qc7 41.
Rd7 Qc8 42. Qd6 1-0

[Event "Open A Zadar 2016"]
[Site "Zadar"]
[Date "2016.12.14"]
[Round "5.17"]
[White "De Francesco, Klaus"]
[Black "Djurovic, Goran"]
[Result "0-1"]
[WhiteElo "2257"]
[BlackElo "2396"]
[PlyCount "88"]
[EventDate "2016.12.11"]
[EventCountry "CRO"]
[WhiteClock "1:30:00"]
[BlackClock "1:30:00"]

1. d4 Nf6 2. c4 e6 3. Nf3 b6 4. g3 Ba6 5. Nbd2 Bb7 6. Bg2 c5 7. O-O cxd4 8.
Nxd4 Bxg2 9. Kxg2 Qc8 10. b3 Qb7+ 11. N2f3 a6 12. Bb2 Be7 13. Kg1 O-O 14. Qd3
Rd8 15. Rfd1 d6 16. Ng5 Nbd7 17. Qf3 Qxf3 18. Ngxf3 Rdc8 19. Ne1 Ne5 20. Nd3
Nc6 21. Nxc6 Rxc6 22. Bd4 b5 23. cxb5 axb5 24. Rdc1 Rxc1+ 25. Nxc1 b4 26. Nd3
d5 27. f3 Kf8 28. Bc5 Bxc5+ 29. Nxc5 d4 30. Nd3 Nd5 31. Kf2 Ke7 32. Ke1 f6 33.
Kd2 e5 34. Kc2 Kd6 35. Kb2 f5 36. a3 e4 37. fxe4 fxe4 38. Nc1 Nc3 39. a4 Kc5
40. Kc2 Rf8 41. Kd2 Rf6 42. Na2 Rf2 43. Nc1 Kb6 44. a5+ Ka6 0-1

[Event "Open A Zadar 2016"]
[Site "Zadar"]
[Date "2016.12.14"]
[Round "5.18"]
[White "Guttenthaler, Franz"]
[Black "Jakic, Ivan"]
[Result "1/2-1/2"]
[WhiteElo "2268"]
[BlackElo "2380"]
[PlyCount "84"]
[EventDate "2016.12.11"]
[EventCountry "CRO"]
[WhiteClock "1:30:00"]
[BlackClock "1:30:00"]

1. d4 Nf6 2. c4 Nc6 3. Nf3 e6 4. Nc3 Bb4 5. Qc2 d6 6. Bd2 O-O 7. a3 Bxc3 8.
Bxc3 Qe7 9. e4 e5 10. d5 Nb8 11. Be2 Nh5 12. g3 g6 13. Nd2 Ng7 14. O-O-O f5 15.
f4 Nd7 16. Rhf1 a5 17. Rde1 Nc5 18. Bf3 fxe4 19. Nxe4 Bf5 20. fxe5 dxe5 21. Qe2
Bxe4 22. Bxe4 Nb3+ 23. Kb1 Nd4 24. Qd3 Qc5 25. Bxd4 exd4 26. Rxf8+ Rxf8 27. Rd1
Rd8 28. Qxd4 Qxd4 29. Rxd4 Ne6 30. Rd2 Nc5 31. Bg2 a4 32. Re2 Kf7 33. Kc2 Rd6
34. Kc3 Rb6 35. Kd4 Nb3+ 36. Ke5 Nc5 37. Be4 Ke7 38. h4 Rb3 39. Rg2 b6 40. Kd4
Kd6 41. Bb1 Rf3 42. Bc2 Rf1 1/2-1/2

[Event "Open A Zadar 2016"]
[Site "Zadar"]
[Date "2016.12.14"]
[Round "5.19"]
[White "Reich, Thomas"]
[Black "Glavas, Dragan"]
[Result "1/2-1/2"]
[WhiteElo "2362"]
[BlackElo "2286"]
[PlyCount "40"]
[EventDate "2016.12.11"]
[EventCountry "CRO"]
[WhiteClock "1:30:00"]
[BlackClock "1:30:00"]

1. d4 d5 2. Bf4 Nf6 3. e3 e6 4. Nf3 c5 5. c3 Nc6 6. Nbd2 cxd4 7. exd4 Nh5 8.
Bg3 Nxg3 9. hxg3 Bd6 10. Bb5 Qc7 11. Qe2 h6 12. Ne5 Bxe5 13. dxe5 Bd7 14. Nf3
O-O 15. a4 a6 16. Bxc6 bxc6 17. Qe3 Qa7 18. Qxa7 Rxa7 19. Rh4 Rb8 20. b4 c5
1/2-1/2

[Event "Open A Zadar 2016"]
[Site "Zadar"]
[Date "2016.12.14"]
[Round "5.20"]
[White "Mencinger, Vojko"]
[Black "Sahil, Tickoo"]
[Result "1-0"]
[WhiteElo "2356"]
[BlackElo "2165"]
[PlyCount "105"]
[EventDate "2016.12.11"]
[EventCountry "CRO"]
[WhiteClock "1:25:00"]
[BlackClock "1:30:00"]

1. e4 c5 2. Nf3 d6 3. d4 cxd4 4. Nxd4 Nf6 5. Nc3 a6 6. g3 e5 7. Nb3 Be7 8. Bg2
b5 9. a4 b4 10. Nd5 Nxd5 11. Qxd5 Ra7 12. Be3 Be6 13. Qd3 Ra8 14. O-O a5 15.
Nd2 O-O 16. Nc4 Ra6 17. Bd2 Bxc4 18. Qxc4 Rc6 19. Qd3 Na6 20. c3 Qb6 21. Be3
Qc7 22. Rfc1 bxc3 23. bxc3 Nc5 24. Qd5 Rb8 25. Bf1 Nb3 26. Rab1 Nxc1 27. Rxb8+
Qxb8 28. Qxc6 Nb3 29. f4 exf4 30. gxf4 Nc5 31. e5 Ne6 32. f5 Nf8 33. Qb6 Qxb6
34. Bxb6 dxe5 35. Bxa5 Bc5+ 36. Kg2 Nd7 37. Bb5 Nf6 38. Bc7 e4 39. Bc6 Kf8 40.
a5 Ne8 41. Bb6 Bxb6 42. axb6 Nd6 43. b7 Nxb7 44. Bxb7 Ke7 45. Bxe4 Kd6 46. Kf3
Ke5 47. Ke3 g6 48. fxg6 hxg6 49. h4 f5 50. Bc6 Kd6 51. Be8 Kc5 52. Bxg6 Kc4 53.
h5 1-0

[Event "Open A Zadar 2016"]
[Site "Zadar"]
[Date "2016.12.14"]
[Round "5.21"]
[White "Bubalovic, Davorin"]
[Black "Bilobrk, Franjo"]
[Result "1-0"]
[WhiteElo "2229"]
[BlackElo "2354"]
[PlyCount "229"]
[EventDate "2016.12.11"]
[EventCountry "CRO"]
[WhiteClock "1:30:00"]
[BlackClock "1:30:00"]

1. e4 c5 2. Nf3 d6 3. d4 cxd4 4. Nxd4 Nf6 5. Nc3 a6 6. Bc4 e6 7. Bb3 Be7 8. O-O
b5 9. Qf3 Qc7 10. Re1 O-O 11. Qg3 Bd7 12. Bh6 Ne8 13. a4 Bf6 14. Be3 b4 15.
Nce2 Nc6 16. Rad1 Na5 17. Rd3 Nxb3 18. cxb3 Qb7 19. Qf3 Be7 20. e5 Qxf3 21.
Nxf3 Bc6 22. Ned4 Be4 23. Rdd1 Bxf3 24. Nxf3 dxe5 25. Rd7 Bd6 26. Rd1 f6 27.
R7xd6 Nxd6 28. Rxd6 Rfd8 29. Bc5 Rxd6 30. Bxd6 Rd8 31. Bxb4 Rb8 32. Bc3 Rxb3
33. Nd2 Rb8 34. Kf1 Kf7 35. Ne4 Ke7 36. Ke2 Rb6 37. Kd3 f5 38. Nc5 Kd6 39. Kc4
Rc6 40. b4 g5 41. Bd2 g4 42. Bh6 Rc8 43. g3 a5 44. Be3 axb4 45. Kxb4 Kd5 46.
Nd7 Rc7 47. Nb6+ Ke4 48. Nc4 Kd5 49. Nd2 h5 50. a5 h4 51. a6 h3 52. a7 Rc8 53.
Kb5 Rf8 54. Nc4 Ke4 55. Kc6 Kf3 56. Nxe5+ Kg2 57. Kb7 Kxh2 58. Bc5 Rg8 59. Nd7
Kg2 60. Bf8 h2 61. a8=Q h1=Q 62. Kc7+ Kh2 63. Qa2 Qc1+ 64. Kd6 Rg6 65. Ke7 Qg5+
66. Ke8 Qh5 67. Kd8 Qg5+ 68. Kc7 Qc1+ 69. Bc5 Rg7 70. Qa5 Qc4 71. Qb6 Kg2 72.
Qc6+ Kh2 73. Qd6 Kg2 74. Qe5 Rh7 75. Kd6 Qb5 76. Qxe6 Qa6+ 77. Nb6 Qd3+ 78.
Qd5+ Qxd5+ 79. Nxd5 Kf3 80. Ke6 Rb7 81. Be3 Rb5 82. Nc3 Ra5 83. Kf6 Ra3 84. Nb5
Ra6+ 85. Kg5 Ra5 86. Nd4+ Ke4 87. Kf6 Ra6+ 88. Kg5 Ra5 89. Kh4 Ra2 90. Nb5 Kf3
91. Nd6 f4 92. Bxf4 Rxf2 93. Nf5 Ra2 94. Nd4+ Ke4 95. Ne6 Kf5 96. Nd4+ Ke4 97.
Nc6 Kf5 98. Ne7+ Ke6 99. Bg5 Ra4 100. Kh5 Rc4 101. Ng6 Kf5 102. Bf4 Ra4 103.
Nh4+ Ke4 104. Kxg4 Ra8 105. Ng6 Ra5 106. Be5 Ra8 107. Kg5 Kf3 108. Kf5 Kg2 109.
g4 Kh3 110. g5 Ra6 111. Nf4+ Kh4 112. g6 Ra5 113. g7 Ra8 114. Ng6+ Kh5 115. Nf8
1-0

[Event "Open A Zadar 2016"]
[Site "Zadar"]
[Date "2016.12.14"]
[Round "5.22"]
[White "Fercec, Nenad"]
[Black "Blazeka, Matej"]
[Result "1/2-1/2"]
[WhiteElo "2461"]
[BlackElo "2284"]
[PlyCount "102"]
[EventDate "2016.12.11"]
[EventCountry "CRO"]
[WhiteClock "1:30:00"]
[BlackClock "1:30:00"]

1. e4 e5 2. Nf3 Nc6 3. Bb5 a6 4. Ba4 Nf6 5. d3 d6 6. c4 Nd7 7. Nc3 Nc5 8. Bxc6+
bxc6 9. d4 exd4 10. Nxd4 Bd7 11. O-O Be7 12. Be3 O-O 13. b4 Ne6 14. Nf5 Bf6 15.
Rc1 a5 16. a3 axb4 17. axb4 Qb8 18. b5 Bxc3 19. Rxc3 cxb5 20. Qh5 b4 21. Rd3
Ra3 22. Rd5 g6 23. Ne7+ Kh8 24. Qh4 Rxe3 25. Qf6+ Ng7 26. fxe3 Qd8 27. Ra5 Be6
28. h4 Re8 29. Nd5 Qxf6 30. Nxf6 Rb8 31. Rfa1 Ne8 32. Ra8 Nxf6 33. Rxb8+ Kg7
34. Rxb4 Nxe4 35. c5 Nxc5 36. Ra7 Bd5 37. e4 Nxe4 38. Rxc7 Nf6 39. Rb6 Be6 40.
Ra7 Ne4 41. Ra4 d5 42. Ra5 h5 43. Kf1 Nd2+ 44. Kf2 Nc4 45. Raa6 Nxb6 46. Rxb6
Kf6 47. Ke3 Ke5 48. Rb4 Bf5 49. g3 Be6 50. Ra4 Bf5 51. Rb4 Be6 1/2-1/2

[Event "Open A Zadar 2016"]
[Site "Zadar"]
[Date "2016.12.14"]
[Round "5.23"]
[White "Cebalo, Miso"]
[Black "Samani, Yamac"]
[Result "1/2-1/2"]
[WhiteElo "2333"]
[BlackElo "2265"]
[PlyCount "97"]
[EventDate "2016.12.11"]
[EventCountry "CRO"]
[WhiteClock "1:30:00"]
[BlackClock "1:30:00"]

1. d4 Nf6 2. Bg5 c5 3. d5 Ne4 4. Bc1 e6 5. dxe6 fxe6 6. g3 d5 7. Bg2 Nf6 8. e4
Nxe4 9. Bxe4 dxe4 10. Qxd8+ Kxd8 11. Nc3 Nc6 12. Be3 Kc7 13. O-O-O b6 14. Nge2
e5 15. Nb5+ Kb7 16. c3 Be6 17. Rhe1 a6 18. Nd6+ Bxd6 19. Rxd6 Rhe8 20. b3 Kc7
21. Rd2 a5 22. Kb2 a4 23. Nc1 axb3 24. axb3 Ra7 25. h4 Rea8 26. h5 h6 27. g4
Ra1 28. g5 hxg5 29. Bxg5 R8a2+ 30. Nxa2 Rxe1 31. h6 gxh6 32. Bxh6 Na5 33. Nc1
Rxc1 34. Kxc1 Nxb3+ 35. Kc2 Nxd2 36. Kxd2 b5 37. Bf8 Kc6 38. Be7 Kd5 39. Bf8
Bd7 40. Be7 Bc6 41. Bf8 Be8 42. Be7 Bg6 43. Bf8 Kc4 44. Bd6 b4 45. cxb4 cxb4
46. Bxe5 Kb3 47. Bd6 Ka4 48. Be7 b3 49. Kc3 1/2-1/2

[Event "Open A Zadar 2016"]
[Site "Zadar"]
[Date "2016.12.14"]
[Round "5.24"]
[White "Polok, Kacper"]
[Black "Burovic, Rijad"]
[Result "0-1"]
[WhiteElo "2299"]
[BlackElo "2302"]
[PlyCount "116"]
[EventDate "2016.12.11"]
[EventCountry "CRO"]
[WhiteClock "1:30:00"]
[BlackClock "1:30:00"]

1. e4 e6 2. d4 d5 3. Nc3 Bb4 4. e5 Ne7 5. a3 Bxc3+ 6. bxc3 b6 7. Qg4 Ng6 8. h4
h5 9. Qg3 Ba6 10. Ne2 Qc8 11. Nf4 Nxf4 12. Bxf4 g6 13. Bd3 c5 14. O-O Bxd3 15.
cxd3 c4 16. Bg5 Qa6 17. Bf6 Rf8 18. Qg5 Nc6 19. f4 cxd3 20. f5 gxf5 21. Rf3 Qc4
22. Rd1 Qxc3 23. Rfxd3 Qb2 24. Qxh5 Rc8 25. Qf3 Ne7 26. R3d2 Qb5 27. h5 Kd7 28.
h6 Ng6 29. h7 Qa4 30. Qh3 f4 31. Qf3 Rfe8 32. Rd3 Rf8 33. Qe2 Rc2 34. Qh5 Rcc8
35. Rh3 Rfe8 36. h8=Q Rxh8 37. Bxh8 Rxh8 38. Qf3 Rxh3 39. gxh3 Nh4 40. Qd3 Nf5
41. Kf2 Kd8 42. Kf3 Qe8 43. Qd2 Qh8 44. Qxf4 Qxh3+ 45. Kf2 Qxa3 46. Qf3 Qb2+
47. Qe2 Qc3 48. Qd3 Qb4 49. Kg1 Kc7 50. Kh2 Kb7 51. Rd2 a6 52. Rd1 b5 53. Rd2
Kb6 54. Rd1 a5 55. Rc1 Qb2+ 56. Rc2 Qxd4 57. Qe2 Qf4+ 58. Kg1 Nd4 0-1

[Event "Open A Zadar 2016"]
[Site "Zadar"]
[Date "2016.12.14"]
[Round "5.25"]
[White "Marjanovic, Dejan"]
[Black "Bao, Qilin"]
[Result "1/2-1/2"]
[WhiteElo "2439"]
[BlackElo "2331"]
[PlyCount "65"]
[EventDate "2016.12.11"]
[EventCountry "CRO"]
[WhiteClock "1:30:00"]
[BlackClock "1:30:00"]

1. d4 Nf6 2. c4 e6 3. Nf3 d5 4. Nc3 c5 5. cxd5 Nxd5 6. e4 Nxc3 7. bxc3 cxd4 8.
cxd4 Bb4+ 9. Bd2 Bxd2+ 10. Qxd2 O-O 11. Rc1 b6 12. Bd3 Bb7 13. O-O Nd7 14. Qe3
Rc8 15. h4 Qe7 16. Bb1 Nf6 17. Ng5 h6 18. Nf3 Rxc1 19. Rxc1 Rc8 20. Rxc8+ Bxc8
21. e5 Nd7 22. Be4 Nf8 23. h5 Qc7 24. g4 Bb7 25. Bxb7 Qxb7 26. g5 hxg5 27. Nxg5
Qe7 28. Qf4 b5 29. Ne4 Nh7 30. h6 Qf8 31. hxg7 Qxg7+ 32. Kf1 Qg6 33. Qf3
1/2-1/2

[Event "Open A Zadar 2016"]
[Site "Zadar"]
[Date "2016.12.14"]
[Round "5.26"]
[White "Biliskov, Vjekoslav"]
[Black "Tica, Sven"]
[Result "1-0"]
[WhiteElo "2314"]
[BlackElo "2359"]
[PlyCount "41"]
[EventDate "2016.12.11"]
[EventCountry "CRO"]
[WhiteClock "1:30:00"]
[BlackClock "1:30:00"]

1. e4 c6 2. d4 d5 3. e5 c5 4. dxc5 Nc6 5. Nf3 Bg4 6. Bb5 e6 7. Be3 Nge7 8. h3
Bxf3 9. Qxf3 Qa5+ 10. Nc3 Qb4 11. O-O-O Ng6 12. Nxd5 exd5 13. Qxd5 Be7 14.
Bxc6+ Kf8 15. Bxb7 Rd8 16. Qb3 Rxd1+ 17. Rxd1 Bxc5 18. Qxb4 Bxb4 19. Rd8+ Ke7
20. Rxh8 Nxh8 21. Bxa7 1-0

[Event "Open A Zadar 2016"]
[Site "Zadar"]
[Date "2016.12.14"]
[Round "5.27"]
[White "Krsnik Cohar, Ivan Vihor"]
[Black "Matko, Ognjen"]
[Result "1/2-1/2"]
[WhiteElo "2353"]
[BlackElo "2311"]
[PlyCount "188"]
[EventDate "2016.12.11"]
[EventCountry "CRO"]
[WhiteClock "1:27:00"]
[BlackClock "1:30:00"]

1. d4 d5 2. Bg5 h6 3. Bf4 Nf6 4. e3 c5 5. c3 Nc6 6. Nd2 Qb6 7. Qc2 g6 8. Ngf3
Bg7 9. Be2 O-O 10. O-O Nh5 11. Bg3 Nxg3 12. hxg3 e5 13. dxe5 Nxe5 14. Nxe5 Bxe5
15. e4 dxe4 16. Nc4 Qc7 17. Qxe4 Bg7 18. Ne3 Be6 19. Bc4 Rfe8 20. Rad1 Bd4 21.
Bxe6 Rxe6 22. Nd5 Rxe4 23. Nxc7 Rc8 24. Nb5 Be5 25. Rfe1 Rxe1+ 26. Rxe1 Bb8 27.
c4 Kf8 28. f4 Rd8 29. Kf2 a6 30. Nc3 Rd4 31. Rd1 Rxd1 32. Nxd1 Ke7 33. Kf3 h5
34. g4 hxg4+ 35. Kxg4 Ke6 36. Nc3 Bc7 37. Kf3 Bd8 38. g4 Bf6 39. Ne4 Be7 40. b3
f5 41. gxf5+ gxf5 42. Nf2 Bf6 43. Nd3 Bd4 44. a4 Kd6 45. Ne1 Ke6 46. Nc2 Bb2
47. Ne3 Bc1 48. Nd5 Bd2 49. Kg3 Be1+ 50. Kg2 Bd2 51. Kf3 Kd6 52. Ke2 Ba5 53.
Nf6 Bc3 54. Nh5 Ke6 55. Kd3 Bb2 56. Ke3 Bc3 57. Kf3 Kf7 58. Ng3 Ke6 59. Ke3 Be1
60. Ne2 Ba5 61. Nc1 Bd8 62. Nd3 Kd6 63. Kf3 Bh4 64. Ke3 Bf6 65. Ne1 Bh4 66. Nc2
Ke6 67. Kf3 Kd6 68. Ne3 Ke6 69. Nd5 Kd6 70. Ke2 Ke6 71. Kd3 Kd6 72. Ke2 Ke6 73.
Ke3 Kd6 74. Nc3 Be1 75. Ne2 Ke6 76. Nc1 Kd6 77. Nd3 Bg3 78. Ne5 Be1 79. Nf7+
Ke7 80. Ng5 Kd6 81. Nf7+ Ke7 82. Ne5 Kd6 83. Nf3 Bg3 84. Ng5 Be1 85. Ke2 Bg3
86. Kf3 Be1 87. Nf7+ Ke7 88. Ne5 Kd6 89. Nd3 Bh4 90. Kg2 Kc6 91. Kh3 Bf6 92.
Kg3 Kd6 93. Nc1 Kc6 94. Ne2 Kd6 1/2-1/2

[Event "Open A Zadar 2016"]
[Site "Zadar"]
[Date "2016.12.14"]
[Round "5.28"]
[White "Blohberger, Felix"]
[Black "Zovko, Mario"]
[Result "1/2-1/2"]
[WhiteElo "2272"]
[BlackElo "2342"]
[PlyCount "89"]
[EventDate "2016.12.11"]
[EventCountry "CRO"]

1. d4 d5 2. c4 e6 3. Nc3 Nf6 4. cxd5 exd5 5. Bg5 Nbd7 6. e3 h6 7. Bh4 c6 8. Bd3
Be7 9. Nf3 O-O 10. O-O Re8 11. Qc2 Ne4 12. Bxe7 Qxe7 13. b4 Qxb4 14. Nxe4 dxe4
15. Bxe4 Qe7 16. Bh7+ Kh8 17. Bd3 c5 18. Bb5 cxd4 19. exd4 Qd6 20. Qb3 Rf8 21.
Rfe1 Nb6 22. Ne5 Be6 23. Ng6+ fxg6 24. Qxe6 Qxd4 25. Qxg6 Qxf2+ 26. Kh1 Qf5 27.
Qxf5 Rxf5 28. Bd3 Rf7 29. Rac1 Rd8 30. Bg6 Rf6 31. Be4 Rf7 32. Bg6 Rfd7 33. h4
Nd5 34. Bf5 Rd6 35. Be4 b6 36. Red1 Kg8 37. Bf3 R8d7 38. Rc8+ Kf7 39. Rxd5 Rxd5
40. Bxd5+ Rxd5 41. Rc7+ Kf6 42. Rxa7 Rd4 43. g3 Rd2 44. Rb7 Rb2 45. a4 1/2-1/2

[Event "Open A Zadar 2016"]
[Site "Zadar"]
[Date "2016.12.14"]
[Round "5.29"]
[White "Stocko, Josip"]
[Black "Muha, Miljenko"]
[Result "1/2-1/2"]
[WhiteElo "2340"]
[BlackElo "2258"]
[PlyCount "89"]
[EventDate "2016.12.11"]
[EventCountry "CRO"]

1. d4 d5 2. Nf3 Nf6 3. Bf4 g6 4. e3 Bg7 5. Bd3 O-O 6. Nbd2 c5 7. c3 Nc6 8. O-O
Nd7 9. Bb5 Qb6 10. a4 a6 11. Bxc6 bxc6 12. Qc2 a5 13. Qb3 Qa7 14. Qa3 f6 15.
Nb3 e5 16. Bg3 c4 17. Nbd2 e4 18. Ne1 Ba6 19. Nc2 Rf7 20. Rfb1 Bf8 21. Qa2 f5
22. b3 cxb3 23. Qxb3 Bd3 24. c4 Bxc2 25. Qxc2 Bb4 26. cxd5 cxd5 27. Bf4 Nb6 28.
Rc1 Qd7 29. Qa2 Rc8 30. Nb3 Rxc1+ 31. Rxc1 Qxa4 32. Rc8+ Rf8 33. Rxf8+ Kxf8 34.
Qxa4 Nxa4 35. Bc7 Ke7 36. Bxa5 Bd6 37. h3 g5 38. Kf1 h5 39. f3 exf3 40. gxf3 g4
41. fxg4 fxg4 42. hxg4 hxg4 43. Nd2 Nb2 44. e4 dxe4 45. Nxe4 1/2-1/2

[Event "Open A Zadar 2016"]
[Site "Zadar"]
[Date "2016.12.14"]
[Round "5.30"]
[White "Jusic, Zdenko"]
[Black "Horvath, Dominik"]
[Result "1-0"]
[WhiteElo "2257"]
[BlackElo "2269"]
[PlyCount "77"]
[EventDate "2016.12.11"]
[EventCountry "CRO"]

1. e4 c5 2. Nc3 Nc6 3. f4 e6 4. Nf3 d5 5. d3 Nf6 6. h3 Be7 7. Qe2 Nh5 8. Qf2
Nd4 9. Be3 Nxf3+ 10. Qxf3 Ng3 11. Bxc5 Nxh1 12. Bxe7 Qxe7 13. g3 d4 14. Nd1 g5
15. Qxh1 gxf4 16. Qf3 e5 17. c3 Rg8 18. gxf4 Qh4+ 19. Qf2 Rg3 20. f5 Bd7 21.
cxd4 exd4 22. Rc1 Bc6 23. Rc4 Rd8 24. a4 Qg5 25. Rxd4 Rxd4 26. Qxd4 Qf4 27. b3
Rf3 28. Nf2 Re3+ 29. Be2 Rg3 30. Bf1 Rg1 31. Ke2 Rg3 32. Ng4 h5 33. Qh8+ Ke7
34. f6+ Kd7 35. Qxh5 Bxe4 36. Qxf7+ Kd6 37. Qe7+ Kd5 38. dxe4+ Kd4 39. Qb4# 1-0

[Event "Open A Zadar 2016"]
[Site "Zadar"]
[Date "2016.12.14"]
[Round "6.1"]
[White "Nikolic, Predrag"]
[Black "Bai, Jinshi"]
[Result "1/2-1/2"]
[WhiteElo "2615"]
[BlackElo "2544"]
[PlyCount "21"]
[EventDate "2016.12.11"]
[EventCountry "CRO"]
[WhiteClock "0:01:21"]
[BlackClock "0:01:30"]

1. d4 Nf6 2. c4 g6 3. Nf3 Bg7 4. g3 d5 5. cxd5 Nxd5 6. Bg2 Nb6 7. O-O Nc6 8. e3
e5 9. Nxe5 Nxe5 10. dxe5 Qxd1 11. Rxd1 1/2-1/2